The art of teaching / (Record no. 166)

000 -LEADER
fixed length control field 01036pam a2200325 a 4500
001 - CONTROL NUMBER
control field 1022505
003 - CONTROL NUMBER IDENTIFIER
control field OSt
005 - DATE AND TIME OF LATEST TRANSACTION
control field 20210417103556.0
008 - FIXED-LENGTH DATA ELEMENTS--GENERAL INFORMATION
fixed length control field 881205r19891950nyu b 001 0 eng
010 ## - LIBRARY OF CONGRESS CONTROL NUMBER
LC control number 88040505
020 ## - INTERNATIONAL STANDARD BOOK NUMBER
International Standard Book Number 0679723145 :
Terms of availability $6.95
040 ## - CATALOGING SOURCE
Original cataloging agency DLC
Transcribing agency DLC
Modifying agency DLC
050 00 - LIBRARY OF CONGRESS CALL NUMBER
Classification number LB1025
Item number .H63 1989
080 ## - UNIVERSAL DECIMAL CLASSIFICATION NUMBER
Universal Decimal Classification number 37
Item number H-65
082 00 - DEWEY DECIMAL CLASSIFICATION NUMBER
Classification number 371.1/02
Edition number 19
100 1# - MAIN ENTRY--PERSONAL NAME
Personal name Highet, Gilbert,
Dates associated with a name 1906-1978.
245 14 - TITLE STATEMENT
Title The art of teaching /
Statement of responsibility, etc. Gilbert Highet.
250 ## - EDITION STATEMENT
Edition statement Vintage Books ed.
260 ## - PUBLICATION, DISTRIBUTION, ETC.
Place of publication, distribution, etc. New York :
Name of publisher, distributor, etc. Vintage Books,
Date of publication, distribution, etc. 1989, c1950.
300 ## - PHYSICAL DESCRIPTION
Extent xvii, 268 p. ;
Dimensions 21 cm.
365 ## - TRADE PRICE
Price amount 11 usd
500 ## - GENERAL NOTE
General note Reprint. Originally published: New York : Knopf, 1950.
500 ## - GENERAL NOTE
General note Includes index.
504 ## - BIBLIOGRAPHY, ETC. NOTE
Bibliography, etc. note Bibliography: p. [251]-259.
650 #0 - SUBJECT ADDED ENTRY--TOPICAL TERM
Topical term or geographic name entry element Teaching.
653 ## - INDEX TERM--UNCONTROLLED
Uncontrolled term განათლება
-- პედაგოგიკა
856 42 - ELECTRONIC LOCATION AND ACCESS
Materials specified Publisher description
Uniform Resource Identifier <a href="http://www.loc.gov/catdir/description/random045/88040505.html">http://www.loc.gov/catdir/description/random045/88040505.html</a>
906 ## - LOCAL DATA ELEMENT F, LDF (RLIN)
a 7
b cbc
c orignew
d 1
e ocip
f 19
g y-gencatlg
942 ## - ADDED ENTRY ELEMENTS (KOHA)
Source of classification or shelving scheme
Koha item type Books
Holdings
Withdrawn status Lost status Source of classification or shelving scheme Damaged status Not for loan Permanent location Current location Date acquired Inventory number Full call number Barcode Date last seen Price effective from Koha item type
          Ken Walker International University Ken Walker International University 11/11/2020 141 37 H-65 141 11/11/2020 11/11/2020 Books

Powered by Koha